[Event "ENG-ch Senior 50+"]
[Site "Leamington"]
[Date "2023.05.06"]
[Round "4.13"]
[White "Wilson, Matthew R"]
[Black "Homer, Neil S"]
[Result "1-0"]
[WhiteElo "1747"]
[BlackElo "1534"]
[PlyCount "105"]
[EventDate "2023.05.04"]
[EventType "swiss"]
[EventRounds "7"]
[EventCountry "ENG"]
[SourceTitle "BritBase"]
[Source "John Saunders"]
[SourceDate "2023.05.08"]
[SourceVersion "1"]
[SourceVersionDate "2023.05.08"]
[SourceQuality "1"]

1. b3 d5 2. Bb2 c5 3. e3 Nf6 4. Nf3 a6 5. c4 e6 6. h3 Nc6 7. cxd5 exd5 8. d4
Be6 9. Be2 Be7 10. O-O O-O 11. dxc5 Bxc5 12. Nd4 Nxd4 13. Bxd4 Bxd4 14. Qxd4
Qd6 15. Nc3 Rfd8 16. Bf3 Rd7 17. Rfd1 Rad8 18. Rac1 h6 19. Ne2 Qe7 20. Qb2 Rd6
21. Nd4 R6d7 22. Rc2 Rc7 23. Rxc7 Qxc7 24. Rc1 Qd7 25. b4 Rc8 26. Nb3 Rxc1+ 27.
Qxc1 Qc8 28. Qxc8+ Bxc8 29. Nc5 Kf8 30. Kf1 Ke7 31. Ke2 Kd6 32. Kd3 Nd7 33. Kd4
b6 34. Nxd7 Bxd7 35. Bxd5 f6 36. e4 Bb5 37. f4 Bf1 38. e5+ fxe5+ 39. fxe5+ Kd7
40. h4 Ke7 41. g3 a5 42. bxa5 bxa5 43. Kc5 g5 44. hxg5 hxg5 45. Bc4 Bh3 46. Kb5
Be6 47. Bxe6 Kxe6 48. Kxa5 Kxe5 49. Kb5 Ke4 50. a4 Kf3 51. a5 Kxg3 52. a6 Kf2
53. a7 1-0

[Event "ENG-ch Senior 50+"]
[Site "Leamington"]
[Date "2023.05.06"]
[Round "4.14"]
[White "Singhal, Saket"]
[Black "Parker, Keith"]
[Result "0-1"]
[WhiteElo "1596"]
[BlackElo "1827"]
[PlyCount "184"]
[EventDate "2023.05.04"]
[EventType "swiss"]
[EventRounds "7"]
[EventCountry "ENG"]
[SourceTitle "BritBase"]
[Source "John Saunders"]
[SourceDate "2023.05.08"]
[SourceVersion "1"]
[SourceVersionDate "2023.05.08"]
[SourceQuality "1"]

1. e4 Nf6 2. Nc3 d5 3. exd5 Nxd5 4. Nxd5 Qxd5 5. d4 Nc6 6. c3 e5 7. dxe5 Qxd1+
8. Kxd1 Nxe5 9. Bf4 Bd6 10. Bxe5 Bxe5 11. Bd3 O-O 12. Kc2 Be6 13. Nf3 Bf6 14.
Be4 Rab8 15. h3 b5 16. g4 b4 17. g5 Be7 18. h4 bxc3 19. bxc3 Ba3 20. Rhb1 Rb6
21. Nd4 Bd7 22. Bd5 Bc5 23. Rxb6 axb6 24. Re1 g6 25. f4 Kg7 26. Kd3 Rd8 27. Kc4
Bd6 28. Re4 Kf8 29. Nb5 Be7 30. Nd4 Bc5 31. Nc6 Re8 32. Rxe8+ Bxe8 33. Nd4 Bd6
34. Ne2 Bd7 35. Kd3 Bf5+ 36. Be4 Be6 37. c4 Ke7 38. Bc6 Bg4 39. Nc3 Be6 40. Ne2
f6 41. Bd5 fxg5 42. fxg5 Bf5+ 43. Be4 Bg4 44. Nc3 Be5 45. Nd5+ Kf7 46. Ne3 Bh3
47. Nd5 Bf1+ 48. Ke3 Bxc4 49. a3 Bb2 50. Nxc7 Bxa3 51. Bd5+ Bxd5 52. Nxd5 Bc5+
53. Ke2 Kg7 54. Nf6 Bd4 55. Nd5 h6 56. gxh6+ Kxh6 57. Nf4 Bf6 58. Nd5 Bd8 59.
Kf3 b5 60. Kg4 Ba5 61. Ne3 Bd2 62. Nc2 Bc3 63. Na3 b4 64. Nb5 Be1 65. Nd4 Bf2
66. Nb3 Bb6 67. Nd2 Kg7 68. Nb3 Kf6 69. Na1 Bd4 70. Nb3 Bc3 71. Kf4 Be1 72. Kg4
Bf2 73. Na1 Be3 74. Nc2 Bd2 75. Na1 Ke5 76. Nb3 Bh6 77. Kf3 Kd5 78. Na5 Kc5 79.
Ke4 Kb5 80. Nb3 Kc4 81. Na5+ Kc3 82. Ke5 Bg7+ 83. Kf4 Bf6 84. Kg4 Kb2 85. Nc4+
Kb3 86. Na5+ Ka4 87. Nc4 b3 88. Nd2 b2 89. Nb1 Kb3 90. h5 gxh5+ 91. Kxh5 Be7
92. Nd2+ Kc2 0-1

[Event "ENG-ch Senior 50+"]
[Site "Leamington"]
[Date "2023.05.06"]
[Round "4.15"]
[White "Donnelly, Andrew J"]
[Black "Chantrell, Paul"]
[Result "1-0"]
[WhiteElo "1586"]
[BlackElo "1576"]
[PlyCount "53"]
[EventDate "2023.05.04"]
[EventType "swiss"]
[EventRounds "7"]
[EventCountry "ENG"]
[SourceTitle "BritBase"]
[Source "John Saunders"]
[SourceDate "2023.05.08"]
[SourceVersion "1"]
[SourceVersionDate "2023.05.08"]
[SourceQuality "1"]

1. Nf3 d5 2. d4 Nf6 3. g3 g6 4. Bg2 Bg7 5. c4 c6 6. O-O O-O 7. Nbd2 Re8 8. Rb1
Bf5 9. Ra1 Ne4 10. Qb3 Qd7 11. Ne5 Nxd2 12. Bxd2 Bxe5 13. dxe5 dxc4 14. Qc3 Be6
15. Bh6 Qc7 16. f4 Rd8 17. f5 Bxf5 18. Rxf5 gxf5 19. e6 f6 20. Rf1 Qb6+ 21. e3
Qc5 22. b4 Qb5 23. Qc2 Rd3 24. Bh3 Qxb4 25. Bxf5 Rd2 26. Bxh7+ Kh8 27. Qg6 1-0

[Event "ENG-ch Senior 50+"]
[Site "Leamington"]
[Date "2023.05.06"]
[Round "4.16"]
[White "Betts, Richard"]
[Black "Wall, Robert"]
[Result "1-0"]
[WhiteElo "1752"]
[BlackElo "1682"]
[PlyCount "67"]
[EventDate "2023.05.04"]
[EventType "swiss"]
[EventRounds "7"]
[EventCountry "ENG"]
[SourceTitle "BritBase"]
[Source "John Saunders"]
[SourceDate "2023.05.08"]
[SourceVersion "1"]
[SourceVersionDate "2023.05.08"]
[SourceQuality "1"]

1. d4 g6 2. e4 Bg7 3. c4 d6 4. Nc3 a6 5. Be3 e6 6. Nf3 Ne7 7. Be2 O-O 8. Qd2 f5
9. Bh6 fxe4 10. Nxe4 Nf5 11. Bxg7 Kxg7 12. h4 Qe8 13. h5 d5 14. Nc3 c6 15.
O-O-O Rf6 16. Ne5 Nd7 17. Qg5 h6 18. Qg4 g5 19. f4 Ne3 20. Qg3 Nf5 21. Qf2 Nf8
22. fxg5 hxg5 23. g4 Nh6 24. Qe3 Rf4 25. Rdf1 Rxf1+ 26. Rxf1 Nh7 27. Bd3 Qe7
28. Nd1 a5 29. Nf2 Nf7 30. Bxh7 Nxe5 31. Qxe5+ Kxh7 32. Nh3 Bd7 33. Nxg5+ Kg8
34. Rf7 1-0

[Event "ENG-ch Senior 50+"]
[Site "Leamington"]
[Date "2023.05.06"]
[Round "4.17"]
[White "Cole, Graham L"]
[Black "Gunasekera, Asanga"]
[Result "1-0"]
[WhiteElo "1643"]
[BlackElo "1506"]
[PlyCount "86"]
[EventDate "2023.05.04"]
[EventType "swiss"]
[EventRounds "7"]
[EventCountry "ENG"]
[SourceTitle "BritBase"]
[Source "John Saunders"]
[SourceDate "2023.05.08"]
[SourceVersion "1"]
[SourceVersionDate "2023.05.08"]
[SourceQuality "1"]

1. e4 c6 2. d4 d5 3. exd5 cxd5 4. Bd3 Nc6 5. c3 Nf6 6. Bf4 e6 7. Nf3 Bd6 8.
Bxd6 Qxd6 9. O-O O-O 10. Re1 a6 11. Nbd2 b5 12. b4 Qc7 13. Qc2 Ne7 14. a4 bxa4
15. Rxa4 Bb7 16. Nb3 Ra7 17. Nc5 Rfa8 18. Rea1 a5 19. Nxb7 Qxb7 20. Rxa5 Nc6
21. Rxa7 Rxa7 22. Ra4 g6 23. Qa2 Qa8 24. Rxa7 Qxa7 25. Qxa7 Nxa7 26. Ne5 Ne4
27. Bxe4 dxe4 28. c4 f6 29. Nd7 Kf7 30. b5 Ke7 31. Nc5 f5 32. Kf1 Kd6 33. Ke2
e5 34. Ke3 Nc8 35. Na4 Ke6 36. c5 Na7 37. Nc3 g5 38. d5+ Kd7 39. b6 Nc6 40.
dxc6+ Kxc6 41. Nxe4 f4+ 42. Kf3 h6 43. Kg4 Kd5 1-0

[Event "ENG-ch Senior 50+"]
[Site "Leamington"]
[Date "2023.05.07"]
[Round "5.1"]
[White "Arkell, Keith C"]
[Black "Davies, Nigel R"]
[Result "1-0"]
[WhiteElo "2390"]
[BlackElo "2379"]
[PlyCount "83"]
[EventDate "2023.05.04"]
[EventType "swiss"]
[EventRounds "7"]
[EventCountry "ENG"]
[SourceTitle "BritBase"]
[Source "John Saunders"]
[SourceDate "2023.05.08"]
[SourceVersion "1"]
[SourceVersionDate "2023.05.08"]
[SourceQuality "1"]

1. Nf3 Nf6 2. c4 e6 3. Nc3 d5 4. cxd5 exd5 5. d4 h6 6. Bf4 Bd6 7. Bxd6 Qxd6 8.
e3 O-O 9. Be2 Bg4 10. Qb3 Nbd7 11. O-O Rab8 12. Rfe1 c6 13. Rac1 Rfe8 14. a3
Qe7 15. Qb4 Qxb4 16. axb4 a6 17. Na4 Ne4 18. Nc5 Ndxc5 19. bxc5 Re7 20. Ne5
Bxe2 21. Rxe2 Rd8 22. g4 Nf6 23. h3 Nd7 24. Nd3 Nf8 25. Kg2 Ne6 26. Ree1 Rde8
27. h4 g6 28. Rh1 Kh7 29. g5 h5 30. Ne5 Nf8 31. f4 Ne6 32. Rc3 Ng7 33. Rb3 Nf5
34. Kh3 Kg7 35. Ra1 Rc7 36. Ra4 Kf8 37. Rab4 Ree7 38. Rb6 Ke8 39. Rxa6 Kf8 40.
Ra7 Kg7 41. Ra8 Kh7 42. Rb8 1-0

[Event "ENG-ch Senior 50+"]
[Site "Leamington"]
[Date "2023.05.07"]
[Round "5.2"]
[White "Wells, Peter K"]
[Black "Hebden, Mark L"]
[Result "0-1"]
[WhiteElo "2356"]
[BlackElo "2434"]
[PlyCount "144"]
[EventDate "2023.05.04"]
[EventType "swiss"]
[EventRounds "7"]
[EventCountry "ENG"]
[SourceTitle "BritBase"]
[Source "John Saunders"]
[SourceDate "2023.05.08"]
[SourceVersion "1"]
[SourceVersionDate "2023.05.08"]
[SourceQuality "1"]

1. e4 e5 2. Nf3 Nc6 3. Bb5 a6 4. Ba4 Nf6 5. O-O Be7 6. Re1 b5 7. Bb3 O-O 8. a4
Bb7 9. d3 d6 10. Nbd2 Qd7 11. Nf1 h6 12. Ng3 Rfe8 13. Nf5 Bf8 14. N3h4 d5 15.
exd5 Na5 16. Ba2 b4 17. Qf3 b3 18. cxb3 Bxd5 19. Nxh6+ Kh7 20. Qf5+ Qxf5 21.
N6xf5 Bb4 22. Re2 Bxb3 23. Bd2 Bxd2 24. Rxd2 Nd5 25. Nf3 Nb4 26. Bb1 Be6 27. d4
Nb3 28. Nd6+ Kg8 29. Nxe8 Rxe8 30. d5 Bxd5 31. Rxd5 Nxd5 32. Ra3 Nc5 33. Ba2
Nb4 34. Bc4 Kf8 35. h4 f6 36. h5 Rd8 37. Re3 Nxa4 38. b3 Nb2 39. Be2 Nd1 40.
Re4 Nc3 41. Rxb4 Nxe2+ 42. Kh2 Nf4 43. Rb7 Rd7 44. Rb8+ Kf7 45. Rh8 Nd3 46. Kg3
Nc5 47. Nh4 Nxb3 48. Ng6 Nc5 49. Rf8+ Ke6 50. f3 Kd5 51. Kg4 c6 52. Ra8 Kc4 53.
Kf5 Kb5 54. Rb8+ Rb7 55. Rxb7+ Nxb7 56. Nxe5 fxe5 57. Kg6 a5 58. Kxg7 a4 59. h6
a3 60. h7 a2 61. h8=Q a1=Q 62. Qb8 Kb6 63. Kg6 Qd4 64. Kf5 Qd7+ 65. Kxe5 Qg7+
66. Kf5 Qxg2 67. f4 Qd5+ 68. Kg4 Qd1+ 69. Kf5 Qd7+ 70. Kg5 Qd8+ 71. Qxd8+ Nxd8
72. Kf6 c5 0-1

[Event "ENG-ch Senior 50+"]
[Site "Leamington"]
[Date "2023.05.07"]
[Round "5.3"]
[White "Dishman, Stephen"]
[Black "Hill, Jonathan S"]
[Result "1/2-1/2"]
[WhiteElo "2259"]
[BlackElo "2046"]
[PlyCount "200"]
[EventDate "2023.05.04"]
[EventType "swiss"]
[EventRounds "7"]
[EventCountry "ENG"]
[SourceTitle "BritBase"]
[Source "John Saunders"]
[SourceDate "2023.05.08"]
[SourceVersion "1"]
[SourceVersionDate "2023.05.08"]
[SourceQuality "1"]

1. d4 Nf6 2. Bg5 d5 3. e3 c5 4. Bxf6 gxf6 5. dxc5 Nc6 6. a3 a5 7. Bb5 e6 8. Nf3
Bxc5 9. c4 dxc4 10. Nbd2 O-O 11. Bxc4 f5 12. O-O Qf6 13. Qc2 Bb6 14. Rfe1 Kh8
15. Rac1 Rg8 16. Qc3 Qxc3 17. Rxc3 Bd7 18. Rb3 Bc7 19. Rxb7 Rgc8 20. Bb5 Rab8
21. Rxb8 Nxb8 22. Bxd7 Nxd7 23. Kf1 Bd8 24. Ke2 Bf6 25. Nd4 Nb6 26. Rb1 Nd5 27.
g3 Kg7 28. Kd3 Nb6 29. b4 a4 30. f4 Kf8 31. h3 h5 32. Rg1 Ke7 33. b5 Rc5 34.
Rb1 Kd7 35. N2f3 Kc8 36. Ne2 Kb7 37. Nfd4 Nc4 38. Rb4 Nxa3 39. Rxa4 Nxb5 40.
Rb4 Ka6 41. Rxb5 Rxb5 42. Nxb5 Kxb5 43. e4 fxe4+ 44. Kxe4 Kc5 45. f5 Kd6 46.
Nf4 h4 47. g4 Ke7 48. Ng2 Bg5 49. Ne1 Kf6 50. Nf3 exf5+ 51. gxf5 Bc1 52. Nxh4
Bb2 53. Kf4 Kg7 54. Ke4 Bc3 55. Kf4 Kf6 56. Nf3 Ba5 57. Kg4 Bb6 58. Nd2 Kg7 59.
Ne4 Bd4 60. Kf4 Bb2 61. Nf2 Bc3 62. Ng4 Bb2 63. Ke4 Bc3 64. Kd5 Bb4 65. Kc6 Be1
66. Kd5 Bh4 67. Ke5 Bg3+ 68. Ke4 Bh4 69. Kf4 Bd8 70. Kg3 Bc7+ 71. Kh4 Bd8+ 72.
Kh5 Be7 73. Ne3 Bc5 74. Nd5 Bd4 75. Kg5 Bb2 76. Kh5 Bd4 77. Kg4 Bb2 78. Nf4 Kh6
79. Nd3 Bd4 80. Ne1 Bc3 81. Nf3 Bf6 82. Kf4 Bb2 83. Ne5 Kg7 84. Ng4 Bc1+ 85.
Kg3 Bg5 86. h4 Bd2 87. Kf3 Bc1 88. Ke4 Bd2 89. Ke5 Bc3+ 90. Kd6 Be1 91. h5 Bg3+
92. Ke7 Bf4 93. Ke8 Bg5 94. h6+ Kg8 95. f6 Bh4 96. Ke7 Bg5 97. Ne5 Bxh6 98.
Nxf7 Bf8+ 99. Ke8 Bg7 100. fxg7 Kxg7 1/2-1/2

[Event "ENG-ch Senior 50+"]
[Site "Leamington"]
[Date "2023.05.07"]
[Round "5.4"]
[White "Thompson, Ian D"]
[Black "Bradbury, Neil H"]
[Result "1/2-1/2"]
[WhiteElo "2064"]
[BlackElo "2215"]
[PlyCount "95"]
[EventDate "2023.05.04"]
[EventType "swiss"]
[EventRounds "7"]
[EventCountry "ENG"]
[SourceTitle "BritBase"]
[Source "John Saunders"]
[SourceDate "2023.05.08"]
[SourceVersion "1"]
[SourceVersionDate "2023.05.08"]
[SourceQuality "1"]

1. c4 e6 2. Nc3 d5 3. d4 Nf6 4. Bg5 Be7 5. cxd5 exd5 6. e3 c6 7. Bd3 h6 8. Bf4
Be6 9. h3 Nbd7 10. Rc1 O-O 11. Nf3 Re8 12. O-O a5 13. a4 Qb6 14. Qe2 Bf8 15.
Bh2 Rad8 16. Bb1 g6 17. Ne1 Bg7 18. Kh1 Nf8 19. Qd2 Bc8 20. Nd3 Bf5 21. Nc5
Bxb1 22. Rxb1 Ne6 23. Nxe6 Rxe6 24. Be5 Bf8 25. Qc2 Nh5 26. Ne2 Bd6 27. Bxd6
Rdxd6 28. Rfc1 Nf6 29. Nf4 Re7 30. Nd3 Qd8 31. b4 axb4 32. Rxb4 Ne4 33. Rcb1
Qa8 34. Nc5 Nxc5 35. Qxc5 Rdd7 36. a5 Rc7 37. Rb6 Kg7 38. Kg1 Qc8 39. Ra1 Qd7
40. a6 bxa6 41. Raxa6 Re6 42. Rb8 Rc8 43. Raa8 Ree8 44. Rxc8 Rxc8 45. Ra7 Rc7
46. Ra6 Qc8 47. Rb6 Qd7 48. Ra6 1/2-1/2

[Event "ENG-ch Senior 50+"]
[Site "Leamington"]
[Date "2023.05.07"]
[Round "5.5"]
[White "Alldritt, Nigel R"]
[Black "Byron, Alan M"]
[Result "1-0"]
[WhiteElo "1954"]
[BlackElo "2181"]
[PlyCount "59"]
[EventDate "2023.05.04"]
[EventType "swiss"]
[EventRounds "7"]
[EventCountry "ENG"]
[SourceTitle "BritBase"]
[Source "John Saunders"]
[SourceDate "2023.05.08"]
[SourceVersion "1"]
[SourceVersionDate "2023.05.08"]
[SourceQuality "1"]

1. d4 Nf6 2. c4 g6 3. g3 Bg7 4. Bg2 O-O 5. Nc3 d6 6. Nf3 Nbd7 7. O-O c6 8. e4
e5 9. h3 Re8 10. Be3 a6 11. Qc2 b5 12. c5 exd4 13. Nxd4 Bb7 14. Nb3 dxc5 15.
Nxc5 Nxc5 16. Bxc5 Qc7 17. Rad1 Rad8 18. f4 Nd7 19. Bf2 c5 20. Nd5 Bxd5 21.
Rxd5 c4 22. Rfd1 Nb6 23. Rxd8 Rxd8 24. Rxd8+ Qxd8 25. e5 Bf8 26. Qe4 Na4 27. e6
Bc5 28. Bxc5 Nxc5 29. e7 Qe8 30. Qa8 1-0

[Event "ENG-ch Senior 50+"]
[Site "Leamington"]
[Date "2023.05.07"]
[Round "5.6"]
[White "Crocker, Philip J"]
[Black "Josse, Mark"]
[Result "1-0"]
[WhiteElo "2148"]
[BlackElo "2160"]
[PlyCount "119"]
[EventDate "2023.05.04"]
[EventType "swiss"]
[EventRounds "7"]
[EventCountry "ENG"]
[SourceTitle "BritBase"]
[Source "John Saunders"]
[SourceDate "2023.05.08"]
[SourceVersion "1"]
[SourceVersionDate "2023.05.08"]
[SourceQuality "1"]

1. d4 d5 2. c4 e6 3. Nf3 Nf6 4. g3 Bb4+ 5. Bd2 Be7 6. Bg2 Nbd7 7. Qc2 c6 8. O-O
O-O 9. Bf4 b6 10. Nbd2 Bb7 11. Rfd1 Nh5 12. Be3 f5 13. Bf4 g5 14. Be5 g4 15.
Ne1 Nxe5 16. dxe5 f4 17. Nd3 Bg5 18. Ne4 dxe4 19. Nxf4 Qe8 20. Nxh5 Qxh5 21.
Rd7 Rf7 22. Rxf7 Qxf7 23. Qxe4 Qf5 24. Rd1 Rf8 25. Qxf5 exf5 26. Rd7 Rf7 27.
Rd6 Rc7 28. h3 h5 29. h4 Be7 30. Rh6 Kg7 31. Rxh5 Bc8 32. e4 Kg6 33. Rh8 Be6
34. exf5+ Kxf5 35. Rh5+ Kg6 36. Rh8 Kg7 37. Re8 Bf7 38. Ra8 Bxc4 39. Be4 Bd5
40. Bf5 Bf3 41. h5 c5 42. Re8 Bg5 43. Re6 Bc1 44. h6+ Bxh6 45. Rg6+ Kf8 46.
Rxh6 Re7 47. Rh8+ Kg7 48. Rh7+ Kf8 49. Rxe7 Kxe7 50. Kf1 c4 51. Ke1 Kd8 52. Kd2
Kc7 53. Kc3 b5 54. a4 a6 55. axb5 axb5 56. Kb4 Be2 57. Kc5 Kd8 58. Kd6 Bd3 59.
Bxg4 b4 60. e6 1-0

[Event "ENG-ch Senior 50+"]
[Site "Leamington"]
[Date "2023.05.07"]
[Round "5.7"]
[White "Brett, Andrew R"]
[Black "Rich, Mark C"]
[Result "1-0"]
[WhiteElo "2085"]
[BlackElo "2070"]
[PlyCount "107"]
[EventDate "2023.05.04"]
[EventType "swiss"]
[EventRounds "7"]
[EventCountry "ENG"]
[SourceTitle "BritBase"]
[Source "John Saunders"]
[SourceDate "2023.05.08"]
[SourceVersion "1"]
[SourceVersionDate "2023.05.08"]
[SourceQuality "1"]

1. d4 f5 2. g3 e6 3. Bg2 Be7 4. Nf3 Nf6 5. O-O O-O 6. c4 d6 7. Nc3 Ne4 8. Nxe4
fxe4 9. Ne1 d5 10. Be3 Nd7 11. f3 dxc4 12. fxe4 Rxf1+ 13. Kxf1 b5 14. a4 bxa4
15. Qxa4 Nb6 16. Qc2 Bb7 17. Nf3 Qf8 18. Bh3 Qf7 19. Kg1 Qg6 20. Ne5 Qxe4 21.
Bxe6+ Kf8 22. Qxe4 Bxe4 23. Nxc4 Bf6 24. Nxb6 axb6 25. Rxa8+ Bxa8 26. Bf5 h6
27. Bf2 Bd5 28. Bd3 Ke7 29. e4 Bb3 30. Be3 Kd7 31. Kf2 c5 32. Bb5+ Kd8 33. dxc5
bxc5 34. Bxc5 Bxb2 35. Kf3 Be6 36. Bd6 Bd7 37. Bc4 h5 38. Bc5 Be5 39. Ke3 Kc7
40. Be7 Bg4 41. Bb5 Bd7 42. Be2 Be8 43. Bc5 Kc6 44. Ba3 g5 45. Be7 g4 46. Bc4
Bg6 47. Be6 Bc7 48. Bd5+ Kd7 49. Bf6 Bd6 50. Bc4 Kc6 51. Bc3 h4 52. e5 hxg3 53.
hxg3 Be7 54. Kf4 1-0

[Event "ENG-ch Senior 50+"]
[Site "Leamington"]
[Date "2023.05.07"]
[Round "5.8"]
[White "Mason, Donald J"]
[Black "Gardiner, Eric D"]
[Result "1/2-1/2"]
[WhiteElo "2054"]
[BlackElo "1830"]
[PlyCount "125"]
[EventDate "2023.05.04"]
[EventType "swiss"]
[EventRounds "7"]
[EventCountry "ENG"]
[SourceTitle "BritBase"]
[Source "John Saunders"]
[SourceDate "2023.05.08"]
[SourceVersion "1"]
[SourceVersionDate "2023.05.08"]
[SourceQuality "1"]

1. e4 e6 2. d4 d5 3. e5 c5 4. c3 Qb6 5. Nf3 Bd7 6. Bd3 Bb5 7. dxc5 Bxc5 8. b4
Bxd3 9. Qxd3 Bf8 10. O-O Nc6 11. a4 Nge7 12. Re1 Ng6 13. Be3 Qc7 14. Bd4 Be7
15. Nbd2 O-O 16. Nb3 Nxd4 17. Nbxd4 Rac8 18. Re3 Qd7 19. g3 Rfe8 20. h4 f6 21.
Rae1 Nxe5 22. Nxe5 fxe5 23. Nf3 Bf6 24. Nxe5 Qxa4 25. h5 Bxe5 26. Rxe5 Qd7 27.
Qe3 b6 28. h6 g6 29. Rxe6 Rxe6 30. Qxe6+ Qxe6 31. Rxe6 Rxc3 32. Re8+ Kf7 33.
Rh8 g5 34. Rxh7+ Kg6 35. Rxa7 Kxh6 36. Rd7 Rb3 37. Rd6+ Kh5 38. Rxb6 d4 39. Kg2
d3 40. Kf3 d2+ 41. Ke2 Rd3 42. Kd1 Rf3 43. Kxd2 Rxf2+ 44. Ke3 Rb2 45. Kd4 Kg4
46. Kc3 Rb1 47. Rg6 Rg1 48. b5 Rxg3+ 49. Kc4 Rg1 50. b6 Rb1 51. Rd6 Kh4 52. Kc5
g4 53. Rd4 Rxb6 54. Kxb6 Kh3 55. Rd8 g3 56. Rh8+ Kg2 57. Kc5 Kf2 58. Rf8+ Ke3
59. Rg8 Kf2 60. Kd4 g2 61. Rf8+ Ke2 62. Rg8 Kf2 63. Rf8+ 1/2-1/2

[Event "ENG-ch Senior 50+"]
[Site "Leamington"]
[Date "2023.05.07"]
[Round "5.9"]
[White "Henderson, David"]
[Black "Donnelly, Andrew J"]
[Result "1-0"]
[WhiteElo "2116"]
[BlackElo "1586"]
[PlyCount "75"]
[EventDate "2023.05.04"]
[EventType "swiss"]
[EventRounds "7"]
[EventCountry "ENG"]
[SourceTitle "BritBase"]
[Source "John Saunders"]
[SourceDate "2023.05.08"]
[SourceVersion "1"]
[SourceVersionDate "2023.05.08"]
[SourceQuality "1"]

1. e4 g6 2. g3 Bg7 3. Bg2 d6 4. d4 Nd7 5. Ne2 e5 6. O-O Ne7 7. Nbc3 O-O 8. Be3
Rb8 9. f4 f5 10. dxe5 dxe5 11. Bxa7 Ra8 12. Bf2 c6 13. Qd2 Qc7 14. Rfd1 exf4
15. Nxf4 Ne5 16. Rab1 g5 17. Nh5 f4 18. Nxg7 Kxg7 19. Bc5 f3 20. Qxg5+ N5g6 21.
Bxe7 Qxe7 22. Qxe7+ Nxe7 23. Bf1 f2+ 24. Kg2 Bg4 25. Be2 Bxe2 26. Nxe2 Rxa2 27.
Nc3 Ra5 28. Rd7 Kf6 29. Rf1 Ke6 30. Rxb7 Ng6 31. Rxh7 Ne5 32. Rxf2 Rb8 33. b3
Ng4 34. Re2 Rf8 35. h3 Nf6 36. Rh6 Ke7 37. e5 Nd5 38. Rxc6 1-0

[Event "ENG-ch Senior 50+"]
[Site "Leamington"]
[Date "2023.05.07"]
[Round "5.10"]
[White "Ireland, David J"]
[Black "Baer, Bruce L"]
[Result "0-1"]
[WhiteElo "1911"]
[BlackElo "1950"]
[PlyCount "82"]
[EventDate "2023.05.04"]
[EventType "swiss"]
[EventRounds "7"]
[EventCountry "ENG"]
[SourceTitle "BritBase"]
[Source "John Saunders"]
[SourceDate "2023.05.08"]
[SourceVersion "1"]
[SourceVersionDate "2023.05.08"]
[SourceQuality "1"]

1. b3 e5 2. Bb2 Nc6 3. c4 f5 4. e3 Nf6 5. d4 exd4 6. exd4 Bb4+ 7. Nd2 O-O 8.
Ngf3 Ne4 9. Be2 d5 10. Rc1 Nxd2 11. Nxd2 Qg5 12. Rg1 Ne7 13. a3 Bxd2+ 14. Qxd2
f4 15. Kd1 c6 16. Kc2 Bf5+ 17. Bd3 b5 18. cxb5 Rab8 19. Bxf5 Qxf5+ 20. Qd3
Qxd3+ 21. Kxd3 Rxb5 22. Rc3 Rfb8 23. Kc2 c5 24. dxc5 d4 25. Rd3 Rxc5+ 26. Kd2
Nf5 27. Rc1 Rd5 28. Rc4 Rbd8 29. a4 g5 30. g3 fxg3 31. fxg3 g4 32. b4 h5 33. b5
Kf7 34. Rb3 Nd6 35. Rc7+ Ke6 36. Rxa7 Ne4+ 37. Kd1 d3 38. Ra6+ Kf5 39. Bc3 d2
40. Bxd2 Rxd2+ 41. Kc1 Nc5 0-1

[Event "ENG-ch Senior 50+"]
[Site "Leamington"]
[Date "2023.05.07"]
[Round "5.11"]
[White "Regan, Natasha K"]
[Black "Macfarlane, Donald"]
[Result "0-1"]
[WhiteElo "1981"]
[BlackElo "2207"]
[PlyCount "55"]
[EventDate "2023.05.04"]
[EventType "swiss"]
[EventRounds "7"]
[EventCountry "ENG"]
[SourceTitle "BritBase"]
[Source "John Saunders"]
[SourceDate "2023.05.08"]
[SourceVersion "1"]
[SourceVersionDate "2023.05.08"]
[SourceQuality "1"]

1. Nf3 c5 2. e4 e6 3. d4 cxd4 4. c3 dxc3 5. Nxc3 Nc6 6. Bc4 Bb4 7. O-O Nge7 8.
Ne2 d5 9. exd5 Nxd5 10. Ng3 O-O 11. h4 Be7 12. h5 Nb6 13. Bd3 Nb4 14. Ne5 Qd5
15. Qe2 Nxd3 16. Nxd3 Bd7 17. Nf4 Qb5 18. Qf3 Bc6 19. Qg4 h6 20. Ng6 fxg6 21.
Qxe6+ Kh8 22. Qxe7 gxh5 23. Qh4 Rae8 24. Nxh5 Re4 25. g4 Qc4 26. f3 Rff4 27.
fxe4 Rxe4 28. Qd8+ 0-1

[Event "ENG-ch Senior 50+"]
[Site "Leamington"]
[Date "2023.05.07"]
[Round "5.12"]
[White "Hymer, Barry J"]
[Black "Gibbs, Dominic V"]
[Result "1/2-1/2"]
[WhiteElo "1898"]
[BlackElo "1879"]
[PlyCount "99"]
[EventDate "2023.05.04"]
[EventType "swiss"]
[EventRounds "7"]
[EventCountry "ENG"]
[SourceTitle "BritBase"]
[Source "John Saunders"]
[SourceDate "2023.05.08"]
[SourceVersion "1"]
[SourceVersionDate "2023.05.08"]
[SourceQuality "1"]

1. d4 e6 2. Nc3 d5 3. e4 dxe4 4. Nxe4 Bd7 5. Nf3 Bc6 6. Bd3 Nd7 7. O-O Ngf6 8.
Qe2 Nxe4 9. Bxe4 Bxe4 10. Qxe4 c6 11. c4 Nf6 12. Qe2 Be7 13. Bf4 O-O 14. Rad1
Qa5 15. a3 Qf5 16. Be5 Rfd8 17. Rfe1 Bd6 18. Rd3 Rd7 19. h3 Rad8 20. Qe3 h6 21.
g4 Qg6 22. Bxd6 Rxd6 23. Ne5 Qg5 24. f4 Qh4 25. Kg2 Nd7 26. Rf1 Qe7 27. h4 Nf8
28. g5 h5 29. c5 Rd5 30. Nc4 Ng6 31. Kg3 Qc7 32. Nd6 Ne7 33. Kh3 b6 34. b4 Nf5
35. Nxf5 Rxf5 36. Qf3 g6 37. Kg3 Rfd5 38. Rfd1 Qd7 39. Qe4 Kg7 40. Kf3 bxc5 41.
bxc5 Qb7 42. R3d2 Qb3+ 43. Qd3 Rb8 44. Ke4 Rd7 45. Qxb3 Rxb3 46. Rd3 Rb2 47.
R1d2 Rb1 48. Rd1 Rb2 49. R1d2 Rb1 50. Rd1 1/2-1/2

[Event "ENG-ch Senior 50+"]
[Site "Leamington"]
[Date "2023.05.07"]
[Round "5.13"]
[White "Cole, Graham L"]
[Black "Miller, George I"]
[Result "0-1"]
[WhiteElo "1643"]
[BlackElo "1849"]
[PlyCount "50"]
[EventDate "2023.05.04"]
[EventType "swiss"]
[EventRounds "7"]
[EventCountry "ENG"]
[SourceTitle "BritBase"]
[Source "John Saunders"]
[SourceDate "2023.05.08"]
[SourceVersion "1"]
[SourceVersionDate "2023.05.08"]
[SourceQuality "1"]

1. e4 c5 2. Nf3 g6 3. d4 cxd4 4. Nxd4 Bg7 5. Nc3 Nc6 6. Be3 Nf6 7. Nxc6 bxc6 8.
e5 Ng8 9. f4 Nh6 10. Qd2 O-O 11. O-O-O d6 12. exd6 Nf5 13. dxe7 Qxe7 14. Bf2
Be6 15. Bd3 Rab8 16. b3 Rfd8 17. Rde1 Qa3+ 18. Kd1 c5 19. Nb1 Qxa2 20. Ke2 c4
21. bxc4 Bxc4 22. Nc3 Bxd3+ 23. cxd3 Qxd2+ 24. Kxd2 Rb2+ 25. Kc1 Rxf2 0-1